00399nam a2200157Ia 4500008004100000020001400041041001200055082001600067100001600083245005500099250000800154260003900162300000800201650001600209700001600225221030s9999 xx 000 0 und d a007120413 aEnglish a105.23bHam aC. Hamacher 0aComputer Organisationcby C. Hamacher, Z. Vranesic a5th bMcGraw Hill Pub.aNew Delhic2002 a805 aBE Computer aZ. Vranesic